Pusztitó tűz

Správa o požiari, ktorý vypukol dňa 18.novembra 1909 v dome obchodníka s koreninami Emanuela (Manó) Jakobovitsa. Následne zhorelo 5 domov do tla. Boli vyčíslené nesmierne finančné škody, ktoré však budú čiastočne nahradené nakoľko domy boli poistené.

Podrobná bibliografia
Médium: Článok
Jazyk:Hungarian
Témy:
Zdroj: 1. Homonna és Vidéke : Vegyes tartalmu közmüvelődési, szépirodalmi és közgazdasági hetilap 1. Roč. 9, č. 47 (18.11.1909) s. 2
LEADER 01018nab#a2200301#ar4500
001 000069331
003 SVKKK
005 20000405xxxxxxx.
008 06 c xo huno
FMT
038 |a SVKKK 
040 |a SVKKK  |b slo  |e AACR2 
041 0 |a hun 
044 |a xo  |c SK 
080 |a 614.84 
242 1 0 |a Ničiaci oheň 
245 0 0 |a Pusztitó tűz 
500 |a mikrofilm 
520 2 |a Správa o požiari, ktorý vypukol dňa 18.novembra 1909 v dome obchodníka s koreninami Emanuela (Manó) Jakobovitsa. Následne zhorelo 5 domov do tla. Boli vyčíslené nesmierne finančné škody, ktoré však budú čiastočne nahradené nakoľko domy boli poistené. 
650 0 4 |a požiare - Humenné - 18.11.1909 - správy 
773 0 |t Homonna és Vidéke : Vegyes tartalmu közmüvelődési, szépirodalmi és közgazdasági hetilap  |g Roč. 9, č. 47 (18.11.1909) s. 2 
957 |a Humenné 
958 |a DG 
958 |a SK 
974 |a Ba  |d 20000405 
992 |a RBX 
BAS
998 |a RETRO